|
|
|
|
| LEADER |
03750nam a2200745 4500 |
| 001 |
ocn768204523 |
| 003 |
OCoLC |
| 005 |
20170124071536.7 |
| 006 |
m o d |
| 007 |
cr cn||||||||| |
| 008 |
111213s2011 njua o 001 0 eng d |
| 010 |
|
|
|z 2011002200
|
| 040 |
|
|
|a DG1
|b eng
|e pn
|c DG1
|d YDXCP
|d OCLCO
|d OCLCQ
|d E7B
|d N$T
|d IAC
|d OCLCF
|d OCLCA
|d DEBBG
|d OCLCQ
|d NLGGC
|d EBLCP
|d OCLCQ
|d COO
|d OCLCQ
|d AZK
|d LOA
|d OCLCA
|d GrThAP
|
| 019 |
|
|
|a 800935778
|a 823504890
|a 961401051
|a 961488657
|a 961815666
|a 966195022
|
| 020 |
|
|
|a 9781118075609
|q (electronic bk.)
|
| 020 |
|
|
|a 1118075609
|q (electronic bk.)
|
| 020 |
|
|
|a 1118075560
|
| 020 |
|
|
|a 9781118075562
|
| 020 |
|
|
|z 9780470438503
|
| 020 |
|
|
|z 0470438509
|
| 020 |
|
|
|z 9781118075586
|
| 020 |
|
|
|z 1118075587
|
| 029 |
1 |
|
|a AU@
|b 000049641587
|
| 029 |
1 |
|
|a DEBBG
|b BV040483809
|
| 029 |
1 |
|
|a DEBBG
|b BV040883643
|
| 029 |
1 |
|
|a DEBBG
|b BV041049279
|
| 029 |
1 |
|
|a DKDLA
|b 820120-katalog:000599771
|
| 029 |
1 |
|
|a NLGGC
|b 382503511
|
| 029 |
1 |
|
|a NZ1
|b 14976514
|
| 035 |
|
|
|a (OCoLC)768204523
|z (OCoLC)800935778
|z (OCoLC)823504890
|z (OCoLC)961401051
|z (OCoLC)961488657
|z (OCoLC)961815666
|z (OCoLC)966195022
|
| 037 |
|
|
|a 10.1002/9781118075609
|b Wiley InterScience
|n http://www3.interscience.wiley.com
|
| 041 |
1 |
|
|a eng
|h swe
|
| 050 |
|
4 |
|a RM267
|b .S55513 2011
|
| 060 |
|
4 |
|a QV 350
|
| 072 |
|
7 |
|a MED
|x 071000
|2 bisacsh
|
| 082 |
0 |
4 |
|a 615/.329
|2 22
|
| 049 |
|
|
|a MAIN
|
| 100 |
1 |
|
|a Sköld, Ola.
|
| 240 |
1 |
0 |
|a Antibiotika och antibiotikaresistens.
|l English
|
| 245 |
1 |
0 |
|a Antibiotics and antibiotic resistance /
|c Ola Sköld.
|
| 264 |
|
1 |
|a Hoboken, N.J. :
|b Wiley,
|c [2011]
|
| 264 |
|
4 |
|c ©2011
|
| 300 |
|
|
|a 1 online resource
|
| 336 |
|
|
|a text
|b txt
|2 rdacontent
|
| 337 |
|
|
|a computer
|b c
|2 rdamedia
|
| 338 |
|
|
|a online resource
|b cr
|2 rdacarrier
|
| 347 |
|
|
|a data file
|2 rda
|
| 505 |
0 |
|
|a Frontmatter -- Antibiotics: The Greatest Triumph of Scientific Medicine -- Distribution of Antibiotics -- Sulfonamides and Trimethoprim -- Penicillins and other Betalactams -- Glycopeptides -- Aminoglycosides -- Other Antibiotics Interfering with Bacterial Protein Synthesis -- Quinolones -- Antibacterial Agents not Related to the Large Antibiotic Families -- Mechanisms for the Horizontal Spread of Antibiotic Resistance Among Bacteria -- How to Manage Antibiotic Resistance -- Index.
|
| 505 |
0 |
|
|a Antibiotics, the greatest triumph of scientific medicine -- Distribution of antibiotics -- Sulfonamides and trimethoprim -- Betalactams -- Glycopeptides -- Aminoglycosides -- Further antibiotics interfering with bacterial protein synthesis -- Quinolones -- Antibacterial agents that are not related to the large antibiotic families -- Mechanisms for the horizontal spread of antibiotic resistance among bacteria -- How to handle resistance against antibiotics?
|
| 500 |
|
|
|a Translation of: Antibiotika och antibiotikaresistens / Olga Sköld. c2006.
|
| 500 |
|
|
|a Includes index.
|
| 588 |
0 |
|
|a Print version record.
|
| 650 |
|
0 |
|a Antibiotics.
|
| 650 |
|
0 |
|a Drug resistance in microorganisms.
|
| 650 |
|
2 |
|a Anti-Bacterial Agents.
|
| 650 |
|
2 |
|a Drug Resistance, Microbial.
|
| 650 |
|
7 |
|a MEDICAL
|x Pharmacology.
|2 bisacsh
|
| 650 |
|
7 |
|a Antibiotics.
|2 fast
|0 (OCoLC)fst00810420
|
| 650 |
|
7 |
|a Drug resistance in microorganisms.
|2 fast
|0 (OCoLC)fst00898704
|
| 655 |
|
4 |
|a Electronic books.
|
| 655 |
|
7 |
|a Electronic books.
|2 local
|
| 710 |
2 |
|
|a Wiley InterScience (Online service)
|
| 776 |
0 |
8 |
|i Print version:
|a Sköld, Ola.
|s Antibiotika och antibiotikaresistens. English.
|t Antibiotics and antibiotic resistance.
|d Hoboken, N.J. : Wiley, ©2011
|z 9780470438503
|w (DLC) 2011002200
|w (OCoLC)698580626
|
| 856 |
4 |
0 |
|u https://doi.org/10.1002/9781118075609
|z Full Text via HEAL-Link
|
| 994 |
|
|
|a 92
|b DG1
|